Регионална библиотека "Любен Каравелов" - Русе

Речник на езика на тялото (Запис номер 329427)

MARC детайли
000 -Лидер
Контролно поле с фиксирана дължина 01365nam a22002897a 4500
003 - Код на организацията, давaща контролен номер
Контролно поле BLK
005 - Дата и час на последна редакция
Контролно поле 20250505110533.0
008 - Елементи от данни с фиксирана дължина
fixed length control field 190227b bu ||||| |||| 00| 0 bu d
020 ## - Международен стандартен номер на книга ISBN
Международен стандартен номер на книга ISBN 978-619-01-0355-4
040 ## - Източник на каталожния запис
Идентификатор на билиотеката - собственик на записа BLK
041 ## - Код за език
Код за езика на текст/звукозапис или на отделно заглавие Български
Код за езика КДБФ Български
080 ## - УДК
Текстов определител УДК Външен израз на психическите процеси и чертите на характера. Физиогномия. Френология. Графология. Краниоскопия
УДК код - определител по УДК 159.925
УДК определител (038)
УДК - код + определител 159.925(038)
100 ## - Редна дума - Автор
R(LIN) 323732
Автор Наваро, Джо
Авторска отговорност първи автор
139 ## - Редно поле
Редна дума Наваро, Джо
Авторски знак Нав - Н 13
245 ## - Сведения за заглавието
Заглавие Речник на езика на тялото
Подзаглавни данни Практическо ръководство за тълкуване на човешкото поведение
Редно поле (дума) Джо Наваро
260 ## - Област на издателските данни
9 (RLIN) 210881
Място на издаване, разпространение и проч. София
Име на издателя, разпространителя и проч. Изток-Запад
Година на издаване 2019
300 ## - Физическа характеристика
Страници 192 с.
Размери/Мащаб 22 см
380 ## - Жанр
Жанр Философия
650 #0 - Допълнително описание по предмет – тема
9 (RLIN) 269986
Основно описание – тема или топоним Жест - популярна литература
650 #7 - Допълнително описание по предмет – тема
9 (RLIN) 148257
Основно описание – тема или топоним Безсловесна комуникация
650 #7 - Допълнително описание по предмет – тема
9 (RLIN) 148257
Основно описание – тема или топоним Безсловесна комуникация
653 #7 - Ключова дума – ненормативна
9 (RLIN) 186610
Ключова дума жестове
653 #7 - Ключова дума – ненормативна
9 (RLIN) 185915
Ключова дума език на тялото
700 ## - Други автори (авторска отговорност)
Лично име Андонова, Евелина Огнянова
9 (RLIN) 303278
999 ## - СИСТЕМНИ КОНТРОЛНИ НОМЕРА
Koha biblionumber 329427
Koha biblioitemnumber 329427
942 ## - АРТИКУЛИ
Вид на библиотечния материал Книги
Скрит в OPAC Не
Koha issues (borrowed), all copies 26
944 ## - СЪЗДАВАНЕ И РЕДАКЦИЯ на ЗАПИСА
Служител, извършил регистрацията/редакцията 30540
Статус, дата на статуса Севдалина Тодорова
Наличности
Код за отписване Код за изгубен артикул Източник на класификационната схема Код за повреда Коз за рестрикции Код за отдаване Артикулен № Име на библиотеката - собственик Име на библиотеката, в която се намира в момента Статус (Текущо местоположение) Дата на вписване в системата Местоположение - отдел Цена в лева Систематично азбучна сигнатура Баркод Цена в евро Служебен тип на артикула
  Не е изгубен Universal Decimal Classification Не е повреден без рестрикции заемане за дома 691525 Регионална библиотека "Любен Каравелов" Русе Регионална библиотека "Любен Каравелов" Русе Заемна - подръчен фонд 2019-02-28 Заемна - подръчен фонд 9.08 П 159.92/Н 13 120000830525 4.64 Книги
  Не е изгубен Universal Decimal Classification Не е повреден без рестрикции заемане за дома 691526 Регионална библиотека "Любен Каравелов" Русе Регионална библиотека "Любен Каравелов" Русе Заемна - подръчен фонд 2019-02-28 Заемна - подръчен фонд 9.08 П 159.92/Н 13 120000830524 4.64 Книги
  Не е изгубен Universal Decimal Classification Не е повреден само за читалня ползва се в читалня 755248 Регионална библиотека "Любен Каравелов" Русе Регионална библиотека "Любен Каравелов" Русе Хранилище 2020-02-06 Хранилище 13.00 Цб 298107 120000842285 6.65 Книги
Vip Innovations Ltd, Rousse, Bulgaria 2025